BT đại số tuyến tính
Sơ lược về khái niệm nhóm vành, trường, định thức, không gian vecto. Đề cập đến hệ phương trình tuyến tín; ánh xạ tuyến tính, ma trận; dnagj song tuyên tính, dạng toàn phương
Đã lưu trong:
| Tác giả chính: | |
|---|---|
| Định dạng: | Sách |
| Năm xuất bản: |
H.
GD
2010
|
| Chủ đề: | |
| Tags: |
Thêm thẻ
Không có thẻ, Hãy là người đầu tiên gắn thẻ bản ghi này!
|
| LEADER | 03308nam a2200325 4500 | ||
|---|---|---|---|
| 999 | |c 4311 |d 4311 | ||
| 082 | |a 512 |b H407X | ||
| 100 | |a Hoàng Xuân Sình | ||
| 245 | |a BT đại số tuyến tính |c Hoàng Xuân Sình | ||
| 260 | |a H. |c 2010 |b GD | ||
| 300 | |c 21 cm |a 207 tr. | ||
| 520 | |a Sơ lược về khái niệm nhóm vành, trường, định thức, không gian vecto. Đề cập đến hệ phương trình tuyến tín; ánh xạ tuyến tính, ma trận; dnagj song tuyên tính, dạng toàn phương | ||
| 653 | |a Toán học | ||
| 653 | |a Đại số tuyến tính | ||
| 653 | |a Bài tập | ||
| 942 | |2 ddc |c STK0 | ||
| 952 | |0 0 |1 0 |2 ddc |4 0 |6 512_000000000000000_H407X |7 0 |8 500 |9 42934 |a qbu |b qbu |c D3 |d 2014-12-19 |g 18000 |o 512 H407X |p 2484.C1 |w 2014-12-19 |y STK0 |0 0 |6 512_000000000000000_H407X | ||
| 952 | |0 0 |1 0 |2 ddc |4 0 |6 512_000000000000000_H407X |7 0 |8 500 |9 42935 |a qbu |b qbu |c D3 |d 2014-12-19 |g 18000 |l 5 |m 2 |o 512 H407X |p 2484.C2 |r 2018-01-15 |s 2018-01-02 |w 2014-12-19 |y STK0 |0 0 |6 512_000000000000000_H407X | ||
| 952 | |0 0 |1 0 |2 ddc |4 0 |6 512_000000000000000_H407X |7 0 |8 500 |9 42936 |a qbu |b qbu |c D3 |d 2014-12-19 |g 18000 |l 4 |m 1 |o 512 H407X |p 2484.C3 |r 2021-02-03 |s 2021-02-01 |w 2014-12-19 |y STK0 |0 0 |6 512_000000000000000_H407X | ||
| 952 | |0 0 |1 0 |2 ddc |4 0 |6 512_000000000000000_H407X |7 0 |8 500 |9 42937 |a qbu |b qbu |c D3 |d 2014-12-19 |g 18000 |l 2 |m 2 |o 512 H407X |p 2484.C4 |r 2015-09-16 |s 2015-09-03 |w 2014-12-19 |y STK0 |0 0 |6 512_000000000000000_H407X | ||
| 952 | |0 0 |1 0 |2 ddc |4 0 |6 512_000000000000000_H407X |7 0 |8 500 |9 42938 |a qbu |b qbu |c D3 |d 2014-12-19 |g 18000 |l 3 |o 512 H407X |p 2484.C5 |r 2019-08-20 |s 2019-08-19 |w 2014-12-19 |y STK0 |0 0 |6 512_000000000000000_H407X | ||
| 952 | |0 0 |1 0 |2 ddc |4 0 |6 512_000000000000000_H407X |7 0 |8 500 |9 42939 |a qbu |b qbu |c D3 |d 2014-12-19 |g 18000 |l 2 |o 512 H407X |p 2484.C6 |r 2015-12-23 |s 2015-12-17 |w 2014-12-19 |y STK0 |0 0 |6 512_000000000000000_H407X | ||
| 952 | |0 0 |1 0 |2 ddc |4 0 |6 512_000000000000000_H407X |7 0 |8 500 |9 42940 |a qbu |b qbu |c D3 |d 2014-12-19 |g 18000 |o 512 H407X |p 2484.C7 |w 2014-12-19 |y STK0 |0 0 |6 512_000000000000000_H407X | ||
| 952 | |0 0 |1 0 |2 ddc |4 0 |6 512_000000000000000_H407X |7 0 |8 500 |9 42941 |a qbu |b qbu |c D3 |d 2014-12-19 |g 18000 |l 2 |o 512 H407X |p 2484.C8 |r 2015-06-26 |s 2015-06-22 |w 2014-12-19 |y STK0 |0 0 |6 512_000000000000000_H407X | ||
| 952 | |0 0 |1 0 |2 ddc |4 0 |6 512_000000000000000_H407X |7 0 |8 500 |9 42942 |a qbu |b qbu |c D3 |d 2014-12-19 |g 18000 |l 3 |m 2 |o 512 H407X |p 2484.C9 |r 2019-09-09 |s 2019-08-21 |w 2014-12-19 |y STK0 |0 0 |6 512_000000000000000_H407X | ||
| 952 | |0 0 |1 0 |2 ddc |4 0 |6 512_000000000000000_H407X |7 0 |8 500 |9 42943 |a qbu |b qbu |c D3 |d 2014-12-19 |g 18000 |l 3 |m 1 |o 512 H407X |p 2484.C10 |r 2018-08-23 |s 2018-08-13 |w 2014-12-19 |y STK0 |0 0 |6 512_000000000000000_H407X | ||
| 952 | |0 0 |1 0 |2 ddc |4 0 |6 512_000000000000000_H407X |7 0 |8 500 |9 42944 |a qbu |b qbu |c D3 |d 2014-12-19 |g 18000 |o 512 H407X |p 2484.C11 |w 2014-12-19 |y STK0 |0 0 |6 512_000000000000000_H407X | ||
| 952 | |0 0 |1 0 |2 ddc |4 0 |6 512_000000000000000_H407X |7 0 |8 500 |9 42945 |a qbu |b qbu |c D3 |d 2014-12-19 |g 18000 |l 5 |m 4 |o 512 H407X |p 2484.C12 |r 2018-01-22 |s 2017-12-21 |w 2014-12-19 |y STK0 |0 0 |6 512_000000000000000_H407X | ||
| 952 | |0 0 |1 0 |2 ddc |4 0 |6 512_000000000000000_H407X |7 0 |8 500 |9 42946 |a qbu |b qbu |c D3 |d 2014-12-19 |g 18000 |l 2 |o 512 H407X |p 2484.C13 |r 2017-12-20 |s 2017-12-06 |w 2014-12-19 |y STK0 |0 0 |6 512_000000000000000_H407X | ||
| 952 | |0 0 |1 0 |2 ddc |4 0 |6 512_000000000000000_H407X |7 0 |8 500 |9 42947 |a qbu |b qbu |c D3 |d 2014-12-19 |g 18000 |o 512 H407X |p 2484.C14 |w 2014-12-19 |y STK0 |0 0 |6 512_000000000000000_H407X | ||